Územné plánovanie a slovenské mestá aktuálne otázky plánovania a rozvoja

Bibliographic Details
Main Author: Kováč, Bohumil, 1952- (Author)
Format: Article
Language:Slovak
PhysicalDescription:Obr.
ISSN:1335-3268
Subjects:

MARC

LEADER 00000nab a2200000 ar4500
001 vtls008985431
003 SK-MaSNL
005 20260303065427.0
008 070502c2007 xo mr|p|||||||000 b|slo
015 |a SNBRB2007/05  |2 snkbucl 
038 |a SNKBUCL 
040 |a SNKBUCL  |b slo  |c SNKBUCL  |e AACR2 
041 0 |a slo 
044 |a xo  |c SK 
080 |a 711.4  |x (437.6)  |2 2001 
100 1 |a Kováč, Bohumil,  |d 1952-  |4 aut  |9 208396 
245 1 0 |a Územné plánovanie a slovenské mestá  |b aktuálne otázky plánovania a rozvoja  |c Bohumil Kováč 
300 |b Obr. 
650 0 7 |a územné plánovanie  |z Slovensko  |2 snkbucl  |9 396583 
650 0 7 |a územný rozvoj  |z Slovensko  |2 snkbucl  |9 69903 
651 7 |a Slovensko  |x územné plánovanie  |2 snkbucl  |9 1065463 
773 0 |t ARCH  |g Roč. 12, č. 3 (2007), s. 50-53  |x 1335-3268 
852 |a SNK  |b KIS3GCP 
958 |a SK 
999 |c 1751144  |d 1753074